00827nam a2200217 a 450000100100000000500170001000800410002704000250006808200170009324500710011026000570018130000240023849000300026250400740029270000260036670000330039283000370042504900090046295201210047199900170059200002487120200930023423.0110207s1969 xxc r 000 0 spa d aDO-SdBNPbspacBNPHU axxxxxbS936d00aSturn und drang /cedición Peter M. Daly , Víctor G. Doerksen. aToronto :bThe Copp Clark Publishing Company,c1969. ax, 379 p. ;c23 cm.1 aText in german literature aIncluye referencias bibliográficas y notas al pie de las páginas.1 aDaly, Peter M.9510451 aDoerksen, Víctor G.951046 0aText in german literature951047 aBNGR 001054708MOaGRbGRcCTd2011-02-07iLF1l0oxxxxx S936dp24871-10r2020-06-25w2020-06-25y4ZPréstamo en sala c24364d24364